| 000 | 00416nam a2200145Ia 4500 | ||
|---|---|---|---|
| 008 | 220216s9999 xx 000 0 und d | ||
| 100 | _aFleming T | ||
| 245 | 0 | _aProgressive reorganisation of tapping tasks : Tapping systems and field collection in Sumatra | |
| 260 |
_bPlanters Bulletin _c1965 |
||
| 300 | _a150-176 | ||
| 650 | _aField collection | ||
| 650 | _aSumatra | ||
| 650 | _aTapping systems | ||
| 942 | _cJS | ||
| 999 |
_c65923 _d65923 |
||